Malajsijská vládní vize bohatého státu

Charakteristika ekonomiky Malajzie, komentované údaje hospodárskeho rastu, hrubého domáceho produktu. Strategický cieľ malajzijskej hospodárskej politiky "Vízia 2020". Fungovanie kapitálového trhu.

Salvato in:
Dettagli Bibliografici
Autore principale: Kohout, Pavel
Natura: Capitolo di libro
Lingua:ceco
Soggetti:
Tags: Aggiungi Tag
Nessun Tag, puoi essere il primo ad aggiungerne!!

MARC

LEADER 00000naa a2200000 4500
001 r022586
005 20230418123551.6
041 0 |a cze 
044 |a CZ 
245 1 0 |a Malajsijská vládní vize bohatého státu  |c P. Kohout 
520 |a Charakteristika ekonomiky Malajzie, komentované údaje hospodárskeho rastu, hrubého domáceho produktu. Strategický cieľ malajzijskej hospodárskej politiky "Vízia 2020". Fungovanie kapitálového trhu. 
610 2 0 |a Malajzia 
610 2 0 |a situácia hospodárska 
610 2 0 |a politika hospodárska 
610 2 0 |a rast hospodársky 
610 2 0 |a produkt domáci hrubý 
610 2 0 |a trh kapitálový 
100 1 |a Kohout, Pavel